Statistiques concernant Le château ambulant - Personnages

Cliquez ici pour prendre le quiz!

Statistiques générales

  • Ce quiz a été pris 16 fois
  • Le résultat moyen est 5 sur 10

Statistiques - réponses

Réponse% Correct
Calcifer
100%
Sophie
87%
Navet
67%
Prince Justin
67%
Sorcière des Landes
67%
Hauru
60%
Marco
33%
Lettie
13%
Madame Sulliman
13%
Hihn
7%

Distribution des résultats

Percentile par nombre de réponses

% des personnes avec chaque résultat

Votre développement - résultats

Vous n’avez pas pris ce quiz